00931nam a2200229 a 450000100060000000300090000600800410001502000180005604000280007408200180010210000320012024500420015226000230019430000100021750501480022765000600037565000650043565000320050094200120053299900170054495201400056122837CO-ViMGA141112s2004 ck r 000 u spa d a9789587112207 aCO-ViMGAbspacCO-ViMGA04a343.052 C151a1 aCamargo, Pedro Pablo92282110aLa acciòn de extinciòn de dominio aColombia : bLeyer a374p. aOrigen y evolucion de la accion de extincion del dominio, Reformas e intentos de enmienda, Accion de tutela vs accion de extincion de dominio14aCONFISCACION DE BIENES - LEGISLACION - COLOMBIA93268714aDERECHO DE PROPIEDAD - ASPECTOS JURIDICOS - COLOMBIA 93268814aPERDIDA DE DERECHOS 932689 2ddccBK c31133d31133 00102ddc40708002aMEVIECARbMEVIECARd2015-12-04h09/nov/2009l0o343.052 C151a p22837r2015-12-04 00:00:00tEj. 1w2015-12-04yBK